| 000 | 01411 a2200217 4500 | ||
|---|---|---|---|
| 001 | 47257 | ||
| 005 | 20260407155740.0 | ||
| 008 | 260407a1993 arg spa d | ||
| 003 | AR-UNSa-BCEJYS | ||
| 040 |
_aAR-UNSa-BCEJYS _bspa _cAR-UNSa-BCEJYS |
||
| 080 |
_a330.8 _xHistoria de las teorías, Doctrinas, Dogmas económicos (pensamiento económico) |
||
| 245 | 1 | 0 | _aEnsayos sobre pensamiento económico |
| 020 | _a84-481-1958-4 | ||
| 264 | 1 |
_aMadrid : _bMcGraw-Hill _c1993 |
|
| 300 |
_a230 p. _c24 cm. |
||
| 505 | _a1. Introducción / Pedro Schwartz - 2. Entre el feudalismo y el liberalismo : diversidad de doctrinas y políticas <<mercantiles>> en Europa / Luis Perdices Blas - 3. El pensamiento clásico / Victoriano Marín - 4. Los liberales de Cádiz / Jesús de la Iglesia - 5. El marxismo / Carlos Berzosa - 6. El enfoque microeconómico : marginalismo y neoclásicos / Fernando Méndez Ibisate - 7. Pensamiento y economía monetaria en España durante la Segunda República / Juan Hernández Andreu - 8. El Keynesianismo / Miguel Ángel Galindo Martín - 9. Los postkeynesianos / Miguel Ángel Galindo Martín - 10. Del desarrollo hacia adentro al desarrollo desde dentro / Osvaldo Sunkel. | ||
| 942 | _cBK | ||
| 590 | _aniveau_biblio:m niveau_hierar:0 | ||
| 100 | 1 | _aDe la Iglesia, Jesús | |
| 856 | 4 | 1 |
_uhttps://www.biblioeco.unsa.edu.ar/pmb/images/libros/L127445.jpg _yImagen de portada _qimage/jpeg |
| 999 |
_c4328 _d4328 |
||